000 00408nam a22001697a 4500
005 20180131150326.0
008 160513b xxu||||| |||| 00| 0 eng d
020 _a978-81-203-2581
041 _aeng
082 _b1794
_a004
100 _aRajaraman V.
_996
245 _aFundamentals of Computers
260 _aNew Delhi
_bPHI,
_c2004
300 _a418
650 _aInformation Technology
_9137
942 _cBK
999 _c690
_d690